[Event "Japan Open 2017"]
[Site "Tokyo"]
[Date "2017.11.03"]
[Round "1.1"]
[White "Kojima, Shinya"]
[Black "Aoki, Yasuhiro"]
[Result "1-0"]
[WhiteElo "2485"]
[BlackElo "1809"]
[PlyCount "43"]
[EventDate "2017.11.03"]

1. Nf3 d6 2. d4 Nf6 3. c4 g6 4. g3 Bg7 5. Bg2 O-O 6. O-O c6 7. Nc3 Nbd7 8. e4
e5 9. h3 Re8 10. Be3 a6 11. Qc2 Nf8 12. Rad1 Qc7 13. Rd2 Bd7 14. Rfd1 h6 15.
dxe5 dxe5 16. Na4 g5 17. Bb6 Qc8 18. Bc5 g4 19. Nb6 Qd8 20. hxg4 Rb8 21. Nh4
Qc7 22. Bxf8 1-0

[Event "Japan Open 2017"]
[Site "Tokyo"]
[Date "2017.11.03"]
[Round "1.2"]
[White "Takemura, Wataru"]
[Black "Nanjo, Ryosuke"]
[Result "0-1"]
[WhiteElo "1787"]
[BlackElo "2437"]
[PlyCount "60"]
[EventDate "2017.11.03"]

1. e4 c5 2. Nf3 d6 3. Bb5+ Nd7 4. O-O a6 5. Bxd7+ Bxd7 6. Re1 e6 7. d4 cxd4 8.
Nxd4 Rc8 9. Nc3 Nf6 10. Bg5 Qa5 11. Bh4 Be7 12. Kh1 Rc4 13. Qd3 b5 14. Bg3 h5
15. Nf5 exf5 16. exf5 Kf8 17. Bxd6 Bxd6 18. Qxd6+ Kg8 19. Nd5 Nxd5 20. Qxd7 Nf6
21. Re8+ Nxe8 22. Qxe8+ Kh7 23. Qxf7 Qb6 24. Re1 Rd8 25. h3 h4 26. Re7 Rd1+ 27.
Kh2 Qd6+ 28. g3 Qxg3+ 29. fxg3 Rxc2+ 30. Re2 Rxe2# 0-1

[Event "Japan Open 2017"]
[Site "Tokyo"]
[Date "2017.11.03"]
[Round "1.3"]
[White "Baba, Masahiro"]
[Black "Yamada, Shinmei"]
[Result "1/2-1/2"]
[WhiteElo "2410"]
[BlackElo "1786"]
[PlyCount "65"]
[EventDate "2017.11.03"]

1. e4 e5 2. Nf3 Nf6 3. Nxe5 d6 4. Nf3 Nxe4 5. Nc3 Nxc3 6. dxc3 d5 7. Be3 Be7 8.
Qd2 O-O 9. O-O-O c6 10. h4 Bg4 11. Bd3 Bxf3 12. gxf3 Nd7 13. Rdg1 Ne5 14. Be2
Bf6 15. Bd4 Qe7 16. f4 Nc4 17. Bxc4 dxc4 18. Re1 Qd6 19. Qe3 Bxd4 20. cxd4 f6
21. f5 Rfe8 22. Qg3 Qxd4 23. Rd1 Qe4 24. Rhg1 Re7 25. Qd6 Rae8 26. Qxf6 Qf4+
27. Kb1 Qxf2 28. Qc3 Qxf5 29. Qxc4+ Qe6 30. Qd4 Qe3 31. Qc4+ Qe6 32. Qd4 Qe3
33. Qc4+ 1/2-1/2

[Event "Japan Open 2017"]
[Site "Tokyo"]
[Date "2017.11.03"]
[Round "1.4"]
[White "Ogasa, Seiichi"]
[Black "Aoshima, Mirai"]
[Result "0-1"]
[WhiteElo "1783"]
[BlackElo "2400"]
[PlyCount "82"]
[EventDate "2017.11.03"]

1. e4 g6 2. d4 Bg7 3. f4 c6 4. Nf3 d5 5. e5 h5 6. Bd3 Nh6 7. O-O Bf5 8. Nc3 e6
9. Ne2 Nd7 10. Ng3 Bxd3 11. Qxd3 h4 12. Nh1 Nf5 13. Nf2 Qb6 14. a4 a5 15. Bd2
O-O 16. Rfb1 c5 17. c3 Rfc8 18. Qb5 Qxb5 19. axb5 Bf8 20. Nd3 c4 21. Nde1 a4
22. Nc2 Ra5 23. Na3 Nb6 24. Be1 Be7 25. Kf2 Rca8 26. Ng5 Nc8 27. Kf3 Na7 28. b6
Nc6 29. Bf2 R5a6 30. Kg4 Rxb6 31. Nxc4 dxc4 32. d5 Rb3 33. dxc6 bxc6 34. Ne4
Kg7 35. Nd2 Rb5 36. Nxc4 Rd5 37. Nb6 Rd3 38. g3 hxg3 39. hxg3 Rh8 40. Rd1 Rh4+
41. gxh4 Nh6# 0-1

[Event "Japan Open 2017"]
[Site "Tokyo"]
[Date "2017.11.03"]
[Round "1.5"]
[White "Averbukh, Alexander"]
[Black "Sasaki, Hiroshi"]
[Result "1-0"]
[WhiteElo "2332"]
[BlackElo "1771"]
[PlyCount "97"]
[EventDate "2017.11.03"]

1. e4 e5 2. Nf3 Nc6 3. Bb5 a6 4. Ba4 Nf6 5. d4 b5 6. Bb3 Nxd4 7. Nxd4 c5 8. Nf3
c4 9. Nxe5 cxb3 10. axb3 Qc7 11. Nf3 Bb7 12. Nc3 Bb4 13. Bd2 O-O 14. O-O Bxc3
15. Bxc3 Nxe4 16. Bd4 Rfe8 17. Re1 Re6 18. Qd3 Rc8 19. c3 d6 20. Nh4 Rce8 21.
Red1 Nc5 22. Qg3 g6 23. c4 bxc4 24. bxc4 Ne4 25. Qd3 Qe7 26. Nf3 Nc5 27. Qc3
Bxf3 28. gxf3 Qh4 29. Kh1 Re2 30. Rg1 Ne6 31. Rg4 Qh5 32. Ra5 Qh3 33. Rg3 Qh4
34. Bf6 Qf4 35. Kg1 Nc5 36. Bg5 Qf5 37. Bh6 f6 38. b4 Qh5 39. Bd2 Rxd2 40. Qxd2
Nb3 41. Qd5+ Qxd5 42. Rxd5 Rf8 43. b5 a5 44. Rxd6 a4 45. Ra6 Nc5 46. Ra7 f5 47.
f4 Ne6 48. Re3 Nxf4 49. Rd7 1-0

[Event "Japan Open 2017"]
[Site "Tokyo"]
[Date "2017.11.03"]
[Round "1.6"]
[White "Sasaki, Yu"]
[Black "Yamada, Kohei"]
[Result "0-1"]
[WhiteElo "1744"]
[BlackElo "2287"]
[PlyCount "58"]
[EventDate "2017.11.03"]

1. e4 c5 2. Nf3 d6 3. d4 cxd4 4. Nxd4 Nf6 5. Nc3 a6 6. Bg5 e6 7. Qd2 Be7 8. f4
h6 9. Bh4 Qb6 10. Bxf6 Bxf6 11. O-O-O O-O 12. Nf3 Nc6 13. Bc4 Rd8 14. Bb3 a5
15. Na4 Qc7 16. g4 b5 17. g5 bxa4 18. gxf6 axb3 19. Qg2 g6 20. Nh4 Kh7 21. Rhg1
Rg8 22. a3 Nb4 23. c3 Ba6 24. Qh3 Qc5 25. axb4 Qf2 26. Rg2 Qxf4+ 27. Rdd2 Qf1+
28. Rd1 Qf4+ 29. Rdd2 axb4 0-1

[Event "Japan Open 2017"]
[Site "Tokyo"]
[Date "2017.11.03"]
[Round "1.7"]
[White "Matsuo, Tomohiko"]
[Black "Onishi, Hiroyuki"]
[Result "1-0"]
[WhiteElo "2256"]
[BlackElo "1740"]
[PlyCount "45"]
[EventDate "2017.11.03"]

1. e4 e5 2. Nf3 Nc6 3. Bb5 a6 4. Ba4 Nf6 5. O-O Be7 6. Qe2 b5 7. Bb3 d6 8. c3
O-O 9. d4 Bg4 10. Rd1 Qc8 11. h3 Bh5 12. a3 h6 13. Bc2 Re8 14. d5 Nd8 15. Nbd2
c6 16. dxc6 Qxc6 17. Nf1 Ne6 18. Ng3 Bxf3 19. Qxf3 g5 20. Nf5 Kh7 21. Nxe7 Rxe7
22. Qxf6 Rae8 23. h4 1-0

[Event "Japan Open 2017"]
[Site "Tokyo"]
[Date "2017.11.03"]
[Round "1.8"]
[White "Nagai, Toshiyuki"]
[Black "Kobayashi, Atsuhiko"]
[Result "0-1"]
[WhiteElo "1731"]
[BlackElo "2242"]
[PlyCount "66"]
[EventDate "2017.11.03"]

1. e4 c5 2. Nf3 Nc6 3. d4 cxd4 4. Nxd4 e6 5. c4 Nf6 6. Nc3 Bb4 7. Bg5 Qa5 8.
Nxc6 Bxc3+ 9. bxc3 Qxg5 10. Nd4 Nxe4 11. Qd3 Nc5 12. Qf3 O-O 13. Be2 e5 14. Qd5
Ne6 15. h4 Qf6 16. Nf3 Nf4 17. Qe4 d5 18. Qxe5 Qxe5 19. Nxe5 Nxe2 20. Kxe2 Re8
21. Kd3 Rxe5 22. Kd4 Re4+ 23. Kxd5 Bf5 24. Rae1 Rae8 25. Rxe4 Bxe4+ 26. Kd4
Bxg2 27. Rg1 Bc6 28. Kd3 h5 29. f4 g6 30. Rf1 Be4+ 31. Kd4 Bf5 32. c5 Rd8+ 33.
Ke5 Kg7 0-1

[Event "Japan Open 2017"]
[Site "Tokyo"]
[Date "2017.11.03"]
[Round "1.9"]
[White "Nakamura, Naohiro"]
[Black "Kitamura, Masashi"]
[Result "1-0"]
[WhiteElo "2229"]
[BlackElo "1720"]
[PlyCount "73"]
[EventDate "2017.11.03"]

1. c4 e6 2. g3 d5 3. d4 Nf6 4. Nf3 Be7 5. Bg2 O-O 6. O-O dxc4 7. Qc2 a6 8. a4
Bd7 9. Nc3 c5 10. dxc5 Bxc5 11. Bg5 Be7 12. Rfd1 Nc6 13. Qd2 Qb6 14. a5 Qb3 15.
Qc1 Rad8 16. Nd2 Qb4 17. Ra4 Qc5 18. Be3 Qh5 19. Bf3 Ng4 20. Bxg4 Qxg4 21. Rxc4
Qh5 22. Bb6 Rc8 23. Nf3 Be8 24. Ne4 f5 25. Nd6 Bxd6 26. Rxd6 e5 27. Rh4 Qf7 28.
Nxe5 Qe7 29. Qc4+ Kh8 30. Re6 Nxe5 31. Qxc8 Qd7 32. Qxd7 Nxd7 33. Rd4 Nf6 34.
Rd8 Kg8 35. Bc5 Kf7 36. Re7+ Kg6 37. Bd4 1-0

[Event "Japan Open 2017"]
[Site "Tokyo"]
[Date "2017.11.03"]
[Round "1.10"]
[White "Endo, Haruto"]
[Black "Shiomi, Ryo"]
[Result "1/2-1/2"]
[WhiteElo "1718"]
[BlackElo "2188"]
[PlyCount "116"]
[EventDate "2017.11.03"]

1. e4 d5 2. exd5 Qxd5 3. Nc3 Qd6 4. d4 Nf6 5. Nf3 a6 6. Be2 Nc6 7. Bg5 Bf5 8.
Qd2 O-O-O 9. O-O-O e6 10. a3 Be7 11. Bf4 Qd7 12. h4 Nd5 13. Nxd5 Qxd5 14. c4
Na5 15. Qc3 Qe4 16. Be3 Nc6 17. Bd3 Qg4 18. Bxf5 Qxf5 19. b4 Bf6 20. Rd2 Qg4
21. Rg1 Rd7 22. b5 axb5 23. cxb5 Nb8 24. a4 Rd5 25. Rc2 Rd7 26. a5 Rhd8 27. Kb1
Qf5 28. Qc4 Re8 29. a6 bxa6 30. bxa6 c6 31. Ne5 Bxe5 32. dxe5 Ree7 33. Qa4 Ra7
34. Bxa7 Rxa7 35. Qb4 Rxa6 36. Rd1 Ra7 37. Qf8+ Kb7 38. Rd8 Na6 39. Rd7+ Kb6
40. Rxa7 Kxa7 41. Qe7+ Kb6 42. Qd6 Qe4 43. Qd8+ Kb5 44. Qc8 Nb4 45. Qb7+ Ka4
46. Qa7+ Kb3 47. Qe3+ Qxe3 48. Rb2+ Kc3 49. fxe3 f6 50. exf6 gxf6 51. g4 Nd5
52. Rc2+ Kd3 53. Rxc6 Nxe3 54. g5 fxg5 55. hxg5 Ke4 56. Rxe6+ Kf4 57. Rh6 Nf5
58. Rxh7 Kxg5 1/2-1/2

[Event "Japan Open 2017"]
[Site "Tokyo"]
[Date "2017.11.03"]
[Round "2.1"]
[White "Katsuta, Yuki"]
[Black "Kojima, Shinya"]
[Result "1-0"]
[WhiteElo "2043"]
[BlackElo "2485"]
[PlyCount "33"]
[EventDate "2017.11.03"]

1. d4 d5 2. Bf4 c5 3. e4 Nc6 4. Nc3 cxd4 5. exd5 dxc3 6. dxc6 Qa5 7. b4 Qxb4 8.
Qd5 Be6 9. Qf3 Bc8 10. Rd1 Nf6 11. Bc7 Bg4 12. cxb7 Rb8 13. Qc6+ Bd7 14. Bb5
Qxb5 15. Qxb5 Bxb5 16. Bxb8 Bc6 17. Bc7 1-0

[Event "Japan Open 2017"]
[Site "Tokyo"]
[Date "2017.11.03"]
[Round "2.2"]
[White "Nanjo, Ryosuke"]
[Black "Furuya, Masahiro"]
[Result "1-0"]
[WhiteElo "2437"]
[BlackElo "2077"]
[PlyCount "79"]
[EventDate "2017.11.03"]

1. e4 c5 2. Nf3 d6 3. c3 Nf6 4. Be2 g6 5. O-O Bg7 6. Re1 Nbd7 7. Bf1 O-O 8. d4
Nb6 9. h3 Qc7 10. Bg5 h6 11. Bf4 Be6 12. Nbd2 Rac8 13. d5 Bd7 14. a4 a5 15. Bh2
c4 16. Bf4 Be8 17. Be3 Nfd7 18. Nd4 Nc5 19. Nb5 Qb8 20. Nxc4 Nbxa4 21. Nxa5
Nxb2 22. Qc2 Nca4 23. Rxa4 Nxa4 24. Qxa4 Bxc3 25. Rb1 Qa8 26. Bb6 Rc5 27. Qa3
Bxa5 28. Qxa5 Qxa5 29. Bxa5 Bd7 30. Bb6 Rc2 31. Be3 Kg7 32. Bd3 Rcc8 33. Na7
Rb8 34. Bb6 Ra8 35. Bd4+ Kh7 36. Rxb7 Rfd8 37. Nc6 Bxc6 38. dxc6 e5 39. Ba7
Rdc8 40. c7 1-0

[Event "Japan Open 2017"]
[Site "Tokyo"]
[Date "2017.11.03"]
[Round "2.3"]
[White "Aoshima, Mirai"]
[Black "Yokoyama, Yuichi"]
[Result "1/2-1/2"]
[WhiteElo "2400"]
[BlackElo "2022"]
[PlyCount "100"]
[EventDate "2017.11.03"]

1. d4 Nf6 2. c4 e6 3. Nf3 d5 4. Nc3 a6 5. cxd5 exd5 6. Bg5 Be6 7. e3 Bd6 8. Bd3
h6 9. Bh4 Nbd7 10. O-O O-O 11. a3 c6 12. Qc2 Qc7 13. Bg3 Bxg3 14. hxg3 Rfe8 15.
b4 Qd6 16. Na4 b5 17. Nc5 Nxc5 18. dxc5 Qc7 19. Nd4 Ng4 20. a4 Qe5 21. Bf5 Bxf5
22. Qxf5 Qxf5 23. Nxf5 Ne5 24. Ra2 Nd3 25. Rb1 a5 26. bxa5 Rxa5 27. Rd2 Nxc5
28. axb5 Ne4 29. Rdb2 cxb5 30. Rxb5 Rxb5 31. Rxb5 Nf6 32. Kf1 g6 33. Nd4 Rc8
34. Ke2 Rc1 35. f3 h5 36. Rb8+ Kg7 37. Rb7 Kf8 38. Ra7 Ke8 39. Nb5 Rc6 40. Kd3
Rb6 41. Nc7+ Kf8 42. Kd4 Rb2 43. Ke5 Nd7+ 44. Kf4 Rxg2 45. Nxd5 Nc5 46. Nf6
Ne6+ 47. Ke5 Rxg3 48. Ra8+ Kg7 49. Rg8+ Kh6 50. Rh8+ Kg7 1/2-1/2

[Event "Japan Open 2017"]
[Site "Tokyo"]
[Date "2017.11.03"]
[Round "2.4"]
[White "Farfurnik, Alex"]
[Black "Averbukh, Alexander"]
[Result "0-1"]
[WhiteElo "1991"]
[BlackElo "2332"]
[PlyCount "98"]
[EventDate "2017.11.03"]

1. d4 d5 2. Bf4 Nc6 3. e3 Bf5 4. c3 e6 5. Bb5 Nge7 6. h4 a6 7. Bxc6+ Nxc6 8. g4
Bg6 9. h5 Be4 10. f3 Bxb1 11. Qxb1 Bd6 12. h6 g6 13. Qc2 Bxf4 14. exf4 Qd6 15.
Nh3 O-O-O 16. O-O-O Ne7 17. Rde1 Ng8 18. Qd2 Qf8 19. g5 Ne7 20. Nf2 Nf5 21. Ng4
c5 22. dxc5 Qxc5 23. Re5 Qc7 24. Kb1 Rd6 25. Rc1 Kb8 26. Nf6 Rc6 27. Rc2 Nd6
28. Qc1 Ne8 29. Ng4 Nd6 30. Nf6 Nc4 31. Ree2 Ka8 32. Ka1 Nd6 33. Kb1 Rc4 34.
Re5 Nb5 35. Ng4 Qb6 36. Ka1 Rhc8 37. Nf6 d4 38. Rxb5 Qxb5 39. Nxh7 Qf5 40. Nf6
d3 41. Rd2 Rxf4 42. Ne4 Rxf3 43. Nd6 Qxg5 44. Nxc8 Qxd2 45. Qg1 Qf2 46. Qb1 Rh3
47. a3 Qf3 48. Nb6+ Ka7 49. Qg1 Rh1 0-1

[Event "Japan Open 2017"]
[Site "Tokyo"]
[Date "2017.11.03"]
[Round "2.5"]
[White "Yamada, Kohei"]
[Black "Kishi, Satoru"]
[Result "1-0"]
[WhiteElo "2287"]
[BlackElo "1976"]
[PlyCount "47"]
[EventDate "2017.11.03"]

1. e4 e6 2. d4 d5 3. Nc3 Bb4 4. exd5 exd5 5. Bd3 Nf6 6. Nge2 O-O 7. O-O Bg4 8.
f3 Be6 9. Bg5 c5 10. a3 Bxc3 11. Nxc3 cxd4 12. Ne2 Nc6 13. Qd2 Re8 14. Rae1 Rc8
15. Ng3 h6 16. Bxh6 Nd7 17. Nh5 Qh4 18. Nxg7 Nde5 19. Nxe8 Nxd3 20. Bg5 Qxe1
21. Nf6+ Kg7 22. Rxe1 Nxe1 23. Bh6+ Kh8 24. Qg5 1-0

[Event "Japan Open 2017"]
[Site "Tokyo"]
[Date "2017.11.03"]
[Round "2.6"]
[White "Sugimoto, Koichi"]
[Black "Matsuo, Tomohiko"]
[Result "0-1"]
[WhiteElo "1965"]
[BlackElo "2256"]
[PlyCount "38"]
[EventDate "2017.11.03"]

1. d4 Nf6 2. c4 c5 3. d5 b5 4. cxb5 a6 5. bxa6 g6 6. g3 Bg7 7. Bg2 d6 8. Nc3
O-O 9. Nf3 Nbd7 10. Rb1 Nb6 11. O-O Bf5 12. Ra1 Rxa6 13. e4 Bd7 14. e5 Ng4 15.
exd6 exd6 16. Bf4 Na4 17. Qe2 Rb6 18. Nxa4 Bxa4 19. Rab1 Bb5 0-1

[Event "Japan Open 2017"]
[Site "Tokyo"]
[Date "2017.11.03"]
[Round "2.7"]
[White "Kobayashi, Atsuhiko"]
[Black "Fujii, Chiaki"]
[Result "1-0"]
[WhiteElo "2242"]
[BlackElo "1926"]
[PlyCount "107"]
[EventDate "2017.11.03"]

1. Nf3 Nf6 2. g3 d5 3. Bg2 c6 4. c4 g6 5. cxd5 cxd5 6. d4 Bg7 7. Nc3 O-O 8. Ne5
Nc6 9. Nxc6 bxc6 10. O-O Be6 11. Na4 Qc8 12. Bg5 Bh3 13. Rc1 Bxg2 14. Kxg2 Qg4
15. Bxf6 Bxf6 16. e3 Qd7 17. Nc5 Qd6 18. Nd3 Rfc8 19. Qa4 h5 20. h4 Qe6 21. Nc5
Qd6 22. Rc2 e5 23. dxe5 Bxe5 24. Rfc1 Bg7 25. Nd3 c5 26. Rxc5 Rxc5 27. Rxc5
Bxb2 28. Qb5 Bg7 29. Rxd5 Qe6 30. Qb7 Rf8 31. Nc5 Qg4 32. Qxa7 Qc4 33. Rd7 Rc8
34. Nd3 Qe4+ 35. Kh2 Rf8 36. Qb7 Qe6 37. a4 Qa2 38. Qe4 Qd2 39. Kg2 Qa5 40. Rd5
Qa8 41. Nc5 Re8 42. Qf3 Rc8 43. e4 Re8 44. Rd7 Rf8 45. Qb3 Qc6 46. Qd5 Qb6 47.
Rb7 Qa5 48. Nd7 Qxd5 49. exd5 Ra8 50. Nb6 Ra5 51. d6 Bf8 52. Rb8 Kg7 53. d7 Ra6
54. Nd5 1-0

[Event "Japan Open 2017"]
[Site "Tokyo"]
[Date "2017.11.03"]
[Round "2.8"]
[White "Gonda, Gentaro"]
[Black "Nakamura, Naohiro"]
[Result "1/2-1/2"]
[WhiteElo "1954"]
[BlackElo "2229"]
[PlyCount "80"]
[EventDate "2017.11.03"]

1. e4 c5 2. Nf3 e6 3. d4 cxd4 4. Nxd4 Nc6 5. Nc3 Qc7 6. Be2 a6 7. O-O Nf6 8.
Be3 Bb4 9. Na4 Be7 10. Nxc6 bxc6 11. Nb6 Rb8 12. Nxc8 Qxc8 13. Bd3 Rxb2 14. e5
Nd5 15. Bd4 Rb8 16. Qg4 O-O 17. c4 Nb4 18. Be4 c5 19. Bc3 Nc6 20. Rae1 f5 21.
exf6 Bxf6 22. Qh5 h6 23. Bxf6 Rxf6 24. Qxc5 Nd8 25. Qe7 Nf7 26. Rb1 Ng5 27. Bd3
Rxb1 28. Rxb1 Rf8 29. h4 Nh7 30. c5 Nf6 31. Qd6 Nd5 32. Bxa6 Qd8 33. g3 Qf6 34.
Rf1 Qf5 35. Bc4 Nf6 36. Qd4 Qh3 37. Be2 Qf5 38. Kg2 Rc8 39. Rc1 e5 40. Qe3 e4 {
The game continues. And Draw agreed some moves later.} 1/2-1/2

[Event "Japan Open 2017"]
[Site "Tokyo"]
[Date "2017.11.03"]
[Round "2.9"]
[White "Kenmotsu, Toru"]
[Black "Sano, Tomu"]
[Result "0-1"]
[WhiteElo "1931"]
[BlackElo "2186"]
[PlyCount "52"]
[EventDate "2017.11.03"]

1. e4 e5 2. Nf3 Nc6 3. Nc3 Nf6 4. Bb5 Bd6 5. d3 a6 6. Ba4 b5 7. Bb3 Bb7 8. Bg5
h6 9. Bh4 Na5 10. O-O Nxb3 11. axb3 c5 12. Re1 g5 13. Bg3 Qe7 14. Nd5 Nxd5 15.
exd5 f6 16. d4 cxd4 17. Nxd4 Bc5 18. Nf5 Qh7 19. Qf3 d6 20. c4 Bc8 21. Nxd6+
Bxd6 22. Qe3 bxc4 23. bxc4 Qa7 24. Qd2 Rb8 25. Qc2 O-O 26. Reb1 Kg7 0-1

[Event "Japan Open 2017"]
[Site "Tokyo"]
[Date "2017.11.03"]
[Round "2.10"]
[White "Takahashi, Mikio"]
[Black "Otawa, Yuto"]
[Result "1/2-1/2"]
[WhiteElo "1909"]
[BlackElo "2090"]
[PlyCount "87"]
[EventDate "2017.11.03"]

1. Nf3 c5 2. g3 Nc6 3. d3 e6 4. Bg2 g6 5. O-O Bg7 6. Nc3 Nge7 7. e4 O-O 8. Bg5
h6 9. Be3 Nd4 10. Qd2 Kh7 11. Ne1 d6 12. Nd1 e5 13. c3 Ndc6 14. f4 Qc7 15. Nf3
f5 16. Nf2 b6 17. Nh4 Be6 18. Rae1 Rad8 19. Bh3 d5 20. exf5 Nxf5 21. Nxf5 Bxf5
22. Qd1 Bxh3 23. Nxh3 Qd7 24. Nf2 exf4 25. Bxf4 g5 26. Bc1 Ne5 27. Nh1 d4 28.
c4 Qc6 29. Re4 Nxc4 30. Rxf8 Rxf8 31. Qe2 Nd6 32. Re6 Re8 33. Nf2 Rxe6 34. Qxe6
Qe8 35. Qxd6 Qe1+ 36. Kg2 Qxc1 37. Qd7 Qxb2 38. Qf5+ Kg8 39. Qe6+ Kh7 40. Qf5+
Kg8 41. Qe6+ Kf8 42. Qc8+ Kf7 43. Qd7+ Kg6 44. Qe8+ 1/2-1/2

[Event "Japan Open 2017"]
[Site "Tokyo"]
[Date "2017.11.04"]
[Round "3.1"]
[White "Sano, Tomu"]
[Black "Nanjo, Ryosuke"]
[Result "0-1"]
[WhiteElo "2186"]
[BlackElo "2437"]
[PlyCount "80"]
[EventDate "2017.11.03"]

1. e4 c5 2. Nf3 d6 3. d4 cxd4 4. Nxd4 Nf6 5. Nc3 a6 6. Be2 e6 7. O-O Be7 8. Be3
O-O 9. f4 Qc7 10. Qe1 b5 11. a3 Bb7 12. Bf3 Nbd7 13. Rd1 Nc5 14. Bf2 Rad8 15.
Bg3 Qb6 16. Bf2 Qc7 17. Bg3 d5 18. f5 e5 19. exd5 Bd6 20. Nb3 Na4 21. Nxa4 bxa4
22. Na5 e4 23. Bxd6 Rxd6 24. Nxb7 Qxb7 25. Be2 Qxb2 26. c4 Qxa3 27. Kh1 Qc5 28.
Qg3 Re8 29. Ra1 e3 30. Rxa4 Ne4 31. Qe1 Rh6 32. Rf3 Qd4 33. Ra1 Nd2 34. Rg3 Qf4
35. Bd3 Nb3 36. Rb1 Nc5 37. Bc2 e2 38. h3 Qxc4 39. Rc3 Qxd5 40. Rxc5 Rxh3+ 0-1

[Event "Japan Open 2017"]
[Site "Tokyo"]
[Date "2017.11.04"]
[Round "3.2"]
[White "Averbukh, Alexander"]
[Black "Kobayashi, Atsuhiko"]
[Result "1/2-1/2"]
[WhiteElo "2332"]
[BlackElo "2242"]
[PlyCount "40"]
[EventDate "2017.11.03"]

1. e4 g6 2. Nc3 Bg7 3. f4 d6 4. Bc4 a6 5. a4 c5 6. Nf3 Nf6 7. d3 Nc6 8. O-O O-O
9. Qe1 Rb8 10. e5 Ne8 11. Ng5 e6 12. exd6 Nd4 13. Qf2 Nxd6 14. Nce4 Nxc4 15.
dxc4 b6 16. Rd1 Qc7 17. Ra3 h6 18. Nf3 Bb7 19. Nxd4 Rfd8 20. Qe2 Bxd4+ 1/2-1/2

[Event "Japan Open 2017"]
[Site "Tokyo"]
[Date "2017.11.04"]
[Round "3.3"]
[White "Higashino, Tetsuo"]
[Black "Yamada, Kohei"]
[Result "0-1"]
[WhiteElo "2084"]
[BlackElo "2287"]
[PlyCount "40"]
[EventDate "2017.11.03"]

1. Nf3 d5 2. c4 e6 3. g3 Nf6 4. Bg2 Be7 5. O-O O-O 6. b3 b6 7. Bb2 Bb7 8. e3
Nbd7 9. Nc3 dxc4 10. bxc4 c5 11. Qe2 a6 12. Rab1 Qc7 13. d3 Rfd8 14. e4 Nb8 15.
Bc1 Nbd7 16. e5 Ne8 17. Bf4 Nf8 18. g4 Rab8 19. Bg3 Qd7 20. Rfd1 b5 0-1

[Event "Japan Open 2017"]
[Site "Tokyo"]
[Date "2017.11.04"]
[Round "3.4"]
[White "Matsuo, Tomohiko"]
[Black "Katsuta, Yuki"]
[Result "1-0"]
[WhiteElo "2256"]
[BlackElo "2043"]
[PlyCount "59"]
[EventDate "2017.11.03"]

1. e4 e6 2. d4 d5 3. Nd2 a6 4. Ngf3 Nf6 5. e5 Nfd7 6. Bd3 c5 7. c3 Nc6 8. O-O
g5 9. dxc5 Bxc5 10. Nb3 Be7 11. c4 dxc4 12. Bxc4 Ndxe5 13. Qe2 Nxf3+ 14. Qxf3
Ne5 15. Qc3 f6 16. Be2 O-O 17. Bxg5 fxg5 18. Qxe5 Bf6 19. Qg3 Bxb2 20. Rad1 Qe7
21. h4 h6 22. Nd4 Qg7 23. Qe3 Rf4 24. Nxe6 Bxe6 25. Qxe6+ Qf7 26. Qxh6 gxh4 27.
Bh5 Qf6 28. Bg6 Rg4 29. Qh7+ Kf8 {The game continued.} 30. Qxb7 1-0

[Event "Japan Open 2017"]
[Site "Tokyo"]
[Date "2017.11.04"]
[Round "3.5"]
[White "Baba, Masahiro"]
[Black "Shinoda, Taro"]
[Result "1-0"]
[WhiteElo "2410"]
[BlackElo "2082"]
[PlyCount "41"]
[EventDate "2017.11.03"]

1. e4 e5 2. Nf3 Nc6 3. Bb5 a6 4. Ba4 Nf6 5. O-O Be7 6. d4 b5 7. Bb3 d6 8. c3
Bg4 9. Be3 O-O 10. h3 Bd7 11. Nbd2 Re8 12. Ng5 Rf8 13. f4 h6 14. fxe5 dxe5 15.
Ngf3 Bd6 16. Qe1 Qe7 17. Nh4 Kh8 18. Nf5 Bxf5 19. Rxf5 Rae8 20. d5 Na5 21. Qf2
1-0

[Event "Japan Open 2017"]
[Site "Tokyo"]
[Date "2017.11.04"]
[Round "3.6"]
[White "Gonda, Gentaro"]
[Black "Aoshima, Mirai"]
[Result "0-1"]
[WhiteElo "1954"]
[BlackElo "2400"]
[PlyCount "72"]
[EventDate "2017.11.03"]

1. e4 c5 2. Nf3 d6 3. Nc3 Nf6 4. e5 dxe5 5. Nxe5 e6 6. Be2 Nbd7 7. Nc4 Nb6 8.
O-O Nxc4 9. Bxc4 a6 10. a4 Bd6 11. d3 Qc7 12. f4 O-O 13. Qe2 b6 14. Ne4 Be7 15.
c3 Bd7 16. Bb3 Qb7 17. Bd2 b5 18. axb5 Bxb5 19. Nxf6+ Bxf6 20. Bc2 Rfd8 21. Be3
Rac8 22. Rfd1 e5 23. fxe5 Bxe5 24. Qf2 Rd6 25. d4 cxd4 26. Bxd4 Rf6 27. Qe3
Bxd4 28. Qxd4 Re6 29. Re1 Rce8 30. Rxe6 Rxe6 31. Bd3 h5 32. Bxb5 Qxb5 33. b4
Re2 34. Rd1 Qf5 35. Qd8+ Kh7 36. Qd3 Re1+ 0-1

[Event "Japan Open 2017"]
[Site "Tokyo"]
[Date "2017.11.04"]
[Round "3.7"]
[White "Nakamura, Naohiro"]
[Black "Takahashi, Mikio"]
[Result "1-0"]
[WhiteElo "2229"]
[BlackElo "1909"]
[PlyCount "67"]
[EventDate "2017.11.03"]

1. c4 e6 2. g3 f5 3. Bg2 Nf6 4. Nc3 c6 5. Nf3 d5 6. d3 Bb4 7. Bd2 O-O 8. O-O
Qe7 9. a3 Bd6 10. e4 dxe4 11. dxe4 e5 12. Qc2 Nxe4 13. Nxe4 fxe4 14. Ng5 h6 15.
c5 Bxc5 16. Nxe4 Bd4 17. Bb4 Qd8 18. Bxf8 Qxf8 19. Qb3+ Kh8 20. Kh1 Qe7 21. f4
exf4 22. Rae1 Be6 23. Qc2 Na6 24. gxf4 Re8 25. Ng3 Qd7 26. Qd2 Rd8 27. f5 Bd5
28. Rf4 Nc7 29. Bxd5 Qxd5+ 30. Rfe4 Ne8 31. Qxd4 Qxd4 32. Rxd4 Rxd4 33. Rxe8+
Kh7 34. Re7 1-0

[Event "Japan Open 2017"]
[Site "Tokyo"]
[Date "2017.11.04"]
[Round "3.8"]
[White "Yokoyama, Yuichi"]
[Black "Shiomi, Ryo"]
[Result "1-0"]
[WhiteElo "2022"]
[BlackElo "2188"]
[PlyCount "44"]
[EventDate "2017.11.03"]

1. d4 d5 2. c4 e6 3. Nc3 c5 4. cxd5 exd5 5. Nf3 Nc6 6. dxc5 d4 7. Na4 Bxc5 8.
Nxc5 Qa5+ 9. Bd2 Qxc5 10. b4 Qd6 11. b5 Ne5 12. Bc3 Nxf3+ 13. gxf3 Nf6 14. Qxd4
Qa3 15. Bb4 Qa4 16. e4 a5 17. bxa6 bxa6 18. Rd1 Be6 19. Qd6 Qd7 20. Bxa6 Qxd6
21. Rxd6 O-O 22. a3 Rfe8 1-0

[Event "Japan Open 2017"]
[Site "Tokyo"]
[Date "2017.11.04"]
[Round "3.9"]
[White "Artag, Jargalsaikhan"]
[Black "Higashishiba, Teruomi"]
[Result "1/2-1/2"]
[WhiteElo "1900"]
[BlackElo "2102"]
[PlyCount "108"]
[EventDate "2017.11.03"]

1. d4 d5 2. c4 Bf5 3. cxd5 Bxb1 4. Qa4+ c6 5. dxc6 Nxc6 6. Rxb1 Qxd4 7. Qxd4
Nxd4 8. e3 Nc6 9. Bb5 e6 10. Bd2 Bd6 11. Nf3 Nge7 12. Nd4 O-O 13. Nxc6 Nxc6 14.
Bxc6 bxc6 15. Ke2 Rab8 16. Rhc1 Rfc8 17. Rc4 Kf8 18. b3 Ke7 19. Rbc1 Kd7 20.
Bc3 g6 21. Rd1 Rb5 22. e4 Ke7 23. Bf6+ Kxf6 24. Rxd6 Ra5 25. a4 Rb8 26. Rc3 Rb4
27. f3 c5 28. Rc6 Rb6 29. Rc7 h5 30. Kd3 h4 31. Kc2 c4 32. R3xc4 Rg5 33. e5+
Kg7 34. Rg4 Rxe5 35. Rxh4 Re2+ 36. Kc1 Rxb3 37. Rf4 Ra3 38. Rcxf7+ Kh6 39. Rh4+
Kg5 40. Rg4+ Kh6 41. Kb1 Rb3+ 42. Kc1 Ra3 43. Kd1 Rb2 44. Rc7 Ra1+ 45. Rc1 Raa2
46. h4 Re2 47. Rc6 Rf2 48. Ke1 Rae2+ 49. Kd1 Rd2+ 50. Ke1 Rde2+ 51. Kd1 Rd2+
52. Kc1 Ra2 53. Kb1 Rfb2+ 54. Kc1 Rf2 1/2-1/2

[Event "Japan Open 2017"]
[Site "Tokyo"]
[Date "2017.11.04"]
[Round "3.10"]
[White "Otawa, Yuto"]
[Black "Yamada, Shinmei"]
[Result "1/2-1/2"]
[WhiteElo "2090"]
[BlackElo "1786"]
[PlyCount "41"]
[EventDate "2017.11.03"]

1. d4 Nf6 2. c4 g6 3. Nc3 Bg7 4. e4 d6 5. f3 O-O 6. Be3 e5 7. Nge2 exd4 8. Nxd4
Re8 9. Be2 c6 10. Nc2 Be6 11. Qd2 d5 12. O-O-O Qa5 13. cxd5 cxd5 14. e5 Nfd7
15. f4 Nc6 16. Nxd5 Qxa2 17. Nc3 Qa5 18. Ne4 Qa2 19. Nc3 Qa5 20. Ne4 Qa2 21.
Nc3 1/2-1/2